000 00434nam a2200181Ia 4500
001 7329
005 20260306160447.0
008 260306t2020||||xx |||||||||||||| ||spa||
041 _aESP
082 _a338.5
_bP66
100 _aPlaza Vidaurre, Marco Antonio,
_eAUT
245 0 _aFundamentos de microeconomĂ­a
260 _c2020
300 _a237 páginas :
_c28 cm.
650 _aGEN
654 _aCAN
942 _cLIB
_dJUS
_fJUS
_2ddc
_n
999 _c7329
_d7329